The USA, Canada and The Quaid-i-Azam Muhammad ali Jinnah (Record no. 34113)

000 -LEADER
fixed length control field 00343nam a22001337a 4500
003 - CONTROL NUMBER IDENTIFIER
control field NUST
020 ## - INTERNATIONAL STANDARD BOOK NUMBER
International Standard Book Number 9789695623909
082 ## - DEWEY DECIMAL CLASSIFICATION NUMBER
Classification number 928.914391
Author Mark MAL
100 ## - MAIN ENTRY--PERSONAL NAME
Personal name Dr. Nadeem Shafiq malik (Ed)
9 (RLIN) 119398
245 ## - TITLE STATEMENT
Title The USA, Canada and The Quaid-i-Azam Muhammad ali Jinnah
260 ## - PUBLICATION, DISTRIBUTION, ETC.
Place of publication, distribution, etc. Lahore
Name of publisher, distributor, etc. Fiction
Date of publication, distribution, etc. 2015
300 ## - PHYSICAL DESCRIPTION
Extent 187p
942 ## - ADDED ENTRY ELEMENTS (KOHA)
Koha item type Book
Source of classification or shelving scheme
Holdings
Withdrawn status Lost status Damaged status Not for loan Collection code Permanent Location Current Location Shelving location Date acquired Total Checkouts Full call number Barcode Date last seen Price effective from Koha item type Source of classification or shelving scheme Source of acquisition
          Central Library (CL) Central Library (CL)   07/20/2016   928.914391 MAL SMME-BB465 04/03/2018 07/20/2016 Book    
          Central Library (CL) Central Library (CL)   07/20/2016   928.914391 MAL SMME-BB466 04/03/2018 07/20/2016 Book    
          Central Library (CL) Central Library (CL)   03/06/2022   928.914391 MAL CL-D-1493 03/06/2022 03/06/2022 Book   Donated by Student Affairs NUST
          School of Mechanical & Manufacturing Engineering (SMME) School of Mechanical & Manufacturing Engineering (SMME) General Stacks 05/05/2016   923.15491 JIN SMME-D-105 05/05/2016 05/05/2016 Book    
          School of Mechanical & Manufacturing Engineering (SMME) School of Mechanical & Manufacturing Engineering (SMME) General Stacks 05/05/2016   923.15491 JIN SMME-D-106 05/05/2016 05/05/2016 Book    
© 2023 Central Library, National University of Sciences and Technology. All Rights Reserved.